| 000 | 01586 a2200193 4500 | ||
|---|---|---|---|
| 001 | 22392 | ||
| 005 | 20260407155515.0 | ||
| 008 | 260407a1978 arg spa d | ||
| 003 | AR-UNSa-BCEJYS | ||
| 040 |
_aAR-UNSa-BCEJYS _bspa _cAR-UNSa-BCEJYS |
||
| 080 |
_a336.1 _xFinanzas Públicas. Finanzas del gobierno en general |
||
| 245 | 1 | 0 |
_aFinanzas Públicas _pesbozo de una teoría general |
| 264 | 1 |
_aBuenos Aires : _bCangallo _c1978 |
|
| 300 |
_a650 p. _c22 cm. |
||
| 505 | _aParte I: Finanzas públicas en general - 1. Evolución del pensamiento financiero - 2. Finanzas públicas. Naturaleza, estructura y relaciones con la economía - Parte II: Presupuesto estatal - 1. El presupuesto estatal - 2. Presupuesto estatal, cuentas nacionales y renta nacional - 3. Finanzas de múltiples niveles de gobierno - Parte III: 1. Los gastos públicos - 2. Efectos de los gastos públicos - 3. Cuantificación de los efectos de los gastos públicos - Parte IV: 1. Recursos - 2.Teoría general del impuesto - Parte V: 1. Caracteres del sistema impositivo - 2. Impuestos fijos, graduales, proporcionales, progresivos y regresivos - 3. Los principios de la imposición - Parte VI: 1. El impuesto a la renta o a los réditos - 2. El impuesto a los réditos de las sociedades de capital - 3. Impuestos aduaneros y régimen cambiario - Parte VII: Otros recursos - 1. La deuda pública - 2. La emisión de billetes y las finanzas públicas - Parte VIII: Seguridad social - 1. Finanzas de la seguridad social | ||
| 942 | _cBK | ||
| 590 | _aniveau_biblio:m niveau_hierar:0 | ||
| 100 | 1 | _aJarach, Dino | |
| 999 |
_c1005 _d1005 |
||